Relatos breves / (Record no. 159149)

MARC details
000 -LEADER
campo de control de longitud fija 01408nam a2200253 i 4500
001 - NÚMERO DE CONTROL
campo de control 159149
003 - IDENTIFICADOR DE NÚMERO DE CONTROL
campo de control ES-MaACL
005 - FECHA Y HORA DE LA ÚLTIMA TRANSACCIÓN
campo de control 20230906211450.0
008 - DATOS DE LONGITUD FIJA--INFORMACIÓN GENERAL
campo de control de longitud fija 970605q1887 sp |||| | spa d
040 ## - FUENTE DE CATALOGACIÓN
Centro catalogador/agencia de origen GA
Lengua de catalogación spa
Centro/agencia transcriptor CCPB | SIC
080 ## - NÚMERO DE LA CLASIFICACIÓN DECIMAL UNIVERSAL
Número de la Clasificación Decimal Universal 821.134.2-34"18"
100 1# - ENTRADA PRINCIPAL--NOMBRE DE PERSONA
Nombre de persona Mathé, Felipe (
Fechas asociadas al nombre 1850-1910)
9 (RLIN) 129727
245 10 - MENCIÓN DEL TÍTULO
Título Relatos breves /
Mención de responsabilidad, etc. Felipe Mathé.
260 ## - PUBLICACIÓN, DISTRIBUCIÓN, ETC.
Lugar de publicación, distribución, etc. Valencia :
Nombre del editor, distribuidor, etc. Pascual Aguilar, editor,
Fecha de publicación, distribución, etc. [1887?] (
Fabricante Imprenta de José Ortega)
300 ## - DESCRIPCIÓN FÍSICA
Extensión XI, 225 p. ;
Dimensiones 15 cm.
490 1# - MENCIÓN DE SERIE
Mención de serie Biblioteca Selecta. Colección de obras de los mejores autores nacionales y extranjeros ;
Designación de volumen o secuencia 29
505 8# - NOTA DE CONTENIDO CON FORMATO
Nota de contenido con formato Contiene: Una fecha y un nombre ; ¡Recuerdos! ; La vida por un beso ; ¡Una víctima inocente! ; Bebé ; A la tercera va la vencida ; Morirse a tiempo ; De lo vivivido a lo pintado ; A fuerza de empujones, en el cielo ; No hay dicha sobre la Tierra ; El quinto, no matar ; Tribulaciones de un marido ; Una historia sencialla
530 ## - NOTA DISPONIBLE DE FORMULARIO FÍSICO ADICIONAL
Nota de formato físico adicional disponible Disponible en formato digital.
596 ## - NOTA AL PIE DE IMPRENTA
NOTA AL PIE DE IMPRENTA Pascual Aguilar ejerce como editor ca. 1870-1900.
830 0# - PUNTO DE ACCESO ADICIONAL DE SERIE-TÍTULO UNIFORME
Título uniforme Biblioteca Selecta. Colección de obras de los mejores autores nacionales y extranjeros ;
Designación de volumen o secuencia 29
9 (RLIN) 221914
852 ## - LOCALIZACIÓN
Ubicación ES-MaACL
Número de control de estantería T-649-F-1
Nota libre -- Enc. hol. conservando la cub. original
-- -- Enc. en un vol. facticio
856 ## - LOCALIZACIÓN Y ACCESO ELECTRÓNICOS
Identificador Uniforme de Recursos <a href="http://bdh-rd.bne.es/viewer.vm?id=0000068894&page=1 ">http://bdh-rd.bne.es/viewer.vm?id=0000068894&page=1 </a>
Nota pública Biblioteca Digital Hispánica
Holdings
Estatus retirado Estado de pérdida Estado de daño No para préstamo Colección Biblioteca de origen Biblioteca actual Ubicación en estantería Fecha de adquisición Total de préstamos Signatura topográfica completa Código de barras Visto por última vez Precio de reemplazo Tipo de ítem Koha
        Colección de folletos Biblioteca del Ateneo de Madrid Biblioteca del Ateneo de Madrid Depósito folletos 17/01/2008   T-649-F-1 1166605 23/02/2023 23/02/2023 Folleto